Excellence in business communication / (Record no. 11158)
[ view plain ]
| 000 -LEADER | |
|---|---|
| fixed length control field | 01196cam a22003258a 4500 |
| 001 - CONTROL NUMBER | |
| control field | 14248959 |
| 005 - DATE AND TIME OF LATEST TRANSACTION | |
| control field | 20201128020731.0 |
| 008 - FIXED-LENGTH DATA ELEMENTS--GENERAL INFORMATION | |
| fixed length control field | 060131s2007 nju b 001 0 eng |
| 010 ## - LIBRARY OF CONGRESS CONTROL NUMBER | |
| LC control number | 2006003357 |
| 020 ## - INTERNATIONAL STANDARD BOOK NUMBER | |
| International Standard Book Number | 9780137143832 |
| 020 ## - INTERNATIONAL STANDARD BOOK NUMBER | |
| International Standard Book Number | 0137143234 |
| 040 ## - CATALOGING SOURCE | |
| Original cataloging agency | DLC |
| Transcribing agency | DLC |
| Modifying agency | DLC |
| 042 ## - AUTHENTICATION CODE | |
| Authentication code | pcc |
| 043 ## - GEOGRAPHIC AREA CODE | |
| Geographic area code | n-us--- |
| 050 00 - LIBRARY OF CONGRESS CALL NUMBER | |
| Classification number | HF5718.2.U6 |
| Item number | T45 2007 |
| 082 00 - DEWEY DECIMAL CLASSIFICATION NUMBER | |
| Classification number | 658.45 |
| Edition number | 22 |
| Item number | THI |
| 100 1# - MAIN ENTRY--PERSONAL NAME | |
| Personal name | Thill, John V. |
| 9 (RLIN) | 3018 |
| 245 10 - TITLE STATEMENT | |
| Title | Excellence in business communication / |
| Statement of responsibility, etc | John V. Thill & Courtland L. Bovee. |
| 250 ## - EDITION STATEMENT | |
| Edition statement | 8th ed. |
| 260 ## - PUBLICATION, DISTRIBUTION, ETC. (IMPRINT) | |
| Place of publication, distribution, etc | Upper Saddle River, N.J. : |
| Name of publisher, distributor, etc | Pearson Prentice Hall, |
| Date of publication, distribution, etc | c2008. |
| 263 ## - PROJECTED PUBLICATION DATE | |
| Projected publication date | 0602 |
| 300 ## - PHYSICAL DESCRIPTION | |
| Extent | 615 p: |
| Other physical details | ill; col, |
| Dimensions | 22 cm. |
| 500 ## - GENERAL NOTE | |
| General note | Various other multi-media instructional materials are available to supplement the text. |
| 504 ## - BIBLIOGRAPHY, ETC. NOTE | |
| Bibliography, etc | Includes bibliographical references and index. |
| 650 #0 - SUBJECT ADDED ENTRY--TOPICAL TERM | |
| Topical term or geographic name as entry element | Business communication |
| Geographic subdivision | United States |
| Form subdivision | Case studies. |
| 9 (RLIN) | 3019 |
| 700 1# - ADDED ENTRY--PERSONAL NAME | |
| Personal name | Bovee, Courtland L. |
| 9 (RLIN) | 3020 |
| 856 41 - ELECTRONIC LOCATION AND ACCESS | |
| Materials specified | Table of contents only |
| Uniform Resource Identifier | <a href="http://www.loc.gov/catdir/toc/ecip067/2006003357.html">http://www.loc.gov/catdir/toc/ecip067/2006003357.html</a> |
| 942 ## - ADDED ENTRY ELEMENTS (KOHA) | |
| Source of classification or shelving scheme | Dewey Decimal Classification |
| Item type | Book - Borrowing |
| Withdrawn status | Item status | Source of classification or shelving scheme | Damaged status | Not for loan | Vendor | Home library | Current library | Shelving location | Date acquired | Source of acquisition | Cost, normal purchase price | Serial Enumeration / chronology | Total Checkouts | Total Renewals | Full call number | Barcode | Date last seen | Date last borrowed | Koha item type |
|---|---|---|---|---|---|---|---|---|---|---|---|---|---|---|---|---|---|---|---|
| Dewey Decimal Classification | Alahram | Central Library | Central Library | First floor | 01/04/2009 | 225.00 | 350 | 2 | 1 | 658.45 THI | 000015688 | 15/07/2025 | 29/06/2022 | Book - Borrowing |